000 00998 a2200229 4500
001 3071
005 20260407155424.0
008 260407a2011 arg spa d
003 AR-UNSa-BCEJYS
040 _aAR-UNSa-BCEJYS
_bspa
_cAR-UNSa-BCEJYS
080 _a336.226.1
_xImpuestos a las ganancias o los beneficios (Impuesto Diferido)
245 1 0 _aImpuesto a la ganancia mínima presunta
_pExplicado y comentado
020 _a978-987-01-1147-4
250 _a2a. ed.
264 1 _aBuenos Aires :
_bErrepar
_c2011
300 _a65 p.
_c27 cm.
505 _a1. Impuesto a la ganancia mínima presunta - 2. Hecho imponible - 3. Bienes exentos, no computables y no considerados como activos - 4. Valuación de bienes - 5. Liquidación y pago del impuesto
942 _cBK
590 _aniveau_biblio:m niveau_hierar:0
100 1 _aCeldeiro, Ernesto Carlos
856 4 1 _uhttps://biblioeco.unsa.edu.ar/pmb/images/libros/Impuesto a la Ganancia Minima Presunta2-l118129.jpg
_yImagen de portada
_qimage/jpeg
999 _c281
_d281